000 01843nam a22004697a 4500
003 CHAP
005 20220329133705.0
008 971013s1994 r 10010 d
010 _a9529
011 _a10501
035 _a9738
040 _cCHAP
082 0 4 _a580.63
_bS4 1991
111 0 0 _aForo de Investigación y Servicio del Oriente del Estado de México (
_n3
_d: 1991
_c: Chapingo, Méx.)
_942436
245 1 _aMemoria
260 _aChapingo, Méx. :
_bUACH,
_c1994
300 _a356 p.
590 _aBATCH-UPD
_b10
_c20130110
_lUCH01
_h0135
590 _aBATCH-UPD
_b10
_c20130110
_lUCH01
_h1009
590 _aBATCH-UPD
_b10
_c20130409
_lUCH01
_h2132
590 _aBATCH-UPD
_b10
_c20130410
_lUCH01
_h0618
590 _aBATCH-UPD
_b10
_c20130913
_lUCH01
_h2030
590 _aCONVERSION
_b10
_c20130109
_lUCH01
_h1306
650 1 4 _aAgricultura
_xCongresos.
_91373
650 1 4 _aAgricultura
_zMexico (Edo.).
_91934
650 1 4 _aBotánica
_xCongresos.
_914522
650 1 4 _aCempazúchil.
_920947
650 1 4 _aMéxico (Edo.)
_xHistoria.
_976831
650 1 4 _aSuelos
_zMéxico (Edo.).
_9110525
790 1 _aHacienda de Chapingo
790 1 _aHuexotla, Tex.
790 1 _aTexcoco, Méx
_c/
901 _aBK
942 _cLIBRO
949 _a580.63 S4 1991
_bBC
_cCONG
_d-20796
_eCONG
_gI.c/e
_h86057
_i9738
_si
_t35.00
949 _a580.63 S4 1991
_bBC
_cLIBRO
_d33724000426243
_eLIBRO
_fc.5
_h87106
_i9738
_mD
_si
949 _a580.63 S4 1991
_bBC
_cLIBRO
_d33724000500559
_eLIBRO
_fc.3
_h87104
_i9738
_mD
_si
949 _a580.63 S4 1991
_bBC
_cLIBRO
_d33724000500682
_eLIBRO
_fc.6
_h87107
_i9738
_mD
_si
949 _a580.63 S4 1991
_bBC
_cLIBRO
_d33724000519997
_eLIBRO
_fc.4
_h87105
_i9738
_mD
_si
949 _a580.63 S4 1991
_bBC
_cLIBRO
_d33724000520003
_eLIBRO
_fc.7
_h87108
_i9738
_mD
_si
949 _a580.63 S4 1991
_bBC
_cUACH
_d-20797
_eUACH
_fc.2
_gI.c/e
_h86058
_i9738
_si
_t35.00
999 _c9529
_d9529